| Tag |
First Indicator |
Second Indicator |
Subfields |
| LEADER |
00000cam a2200000 a 4500 |
| 001 |
in00001401439 |
| 005 |
20151020055241.0 |
| 008 |
830531s1981 enka b 001 0 eng |
| 010 |
|
|
|a 81140847
|
| 015 |
|
|
|a GB81-7466
|
| 019 |
|
|
|a 07815359
|
| 020 |
|
|
|a 0950688223 :
|c £30.00
|
| 035 |
|
|
|a (OCoLC)09622054
|
| 035 |
|
|
|9 AHN4011AM
|
| 040 |
|
|
|a DLC
|c DLC
|d TXA
|d UtOrBLW
|
| 041 |
0 |
|
|a eng
|a fre
|
| 043 |
|
|
|a e-uk---
|a e-fr---
|
| 049 |
|
|
|a TXAM
|
| 050 |
0 |
0 |
|a DA47.1
|b .C47 1981
|
| 082 |
0 |
0 |
|a 327.41044
|2 19
|
| 100 |
1 |
|
|a Chaplais, Pierre.
|
| 245 |
1 |
0 |
|a Essays in medieval diplomacy and administration /
|c Pierre Chaplais.
|
| 264 |
|
1 |
|a London :
|b Hambledon Press,
|c 1981.
|
| 300 |
|
|
|a 1 volume (various pagings) :
|b illustrations ;
|c 25 cm.
|
| 336 |
|
|
|a text
|b txt
|2 rdacontent
|
| 337 |
|
|
|a unmediated
|b n
|2 rdamedia
|
| 338 |
|
|
|a volume
|b nc
|2 rdacarrier
|
| 500 |
|
|
|a English and French.
|
| 504 |
|
|
|a Includes bibliographical references and index.
|
| 651 |
|
0 |
|a Great Britain
|x Foreign relations
|z France
|x Sources.
|
| 651 |
|
0 |
|a France
|x Foreign relations
|z Great Britain
|x Sources.
|
| 651 |
|
0 |
|a Great Britain
|x History
|y Medieval period, 1066-1485
|x Sources.
|
| 651 |
|
0 |
|a Gascony (France)
|x History
|x Sources.
|
| 650 |
|
0 |
|a Diplomatics
|z Great Britain.
|
| 651 |
|
4 |
|a Great Britain
|x History
|x Sources.
|
| 651 |
|
4 |
|a Great Britain
|x History
|y To 1485.
|
| 948 |
|
|
|a c:dm
|
| 999 |
|
|
|a MARS
|
| 999 |
f |
f |
|s 8c2e42a9-0c9c-371f-a30e-486911764567
|i 6f815f15-1ac1-3707-ba4b-f9ed839fda7f
|t 0
|
| 952 |
f |
f |
|p ric
|a Texas A&M University
|b Rellis Campus
|c Joint Library Facility
|d Remote Storage
|t 0
|e DA47.1 .C47 1981
|h Library of Congress classification
|i unmediated -- volume
|m A14823438067
|
| 998 |
f |
f |
|a DA47.1 .C47 1981
|t 0
|l Remote Storage
|